00401cam a22001217a 4500008004000000082001500040100001800055245010500073260002500178300001400203650003500217650002700252180718b1989 xxu||||| |||| 00| 0 eng d aB5x54 Sa82 aSathe, Vasant aTwo swords in one scabbard: a case for presidential form of parliamentary democracycby Vasant Sathe aNew DelhibNIBc1989 axii, 168p aPresidents --India --Election. aCabinet system --India